Countries that Have Lost Population since 1960 - Statistics

General Stats
  • This quiz has been taken 44 times
  • The average score is 5 of 7
Answer Stats
Loss Loss in % Answer % Correct
937 k 11.9% Bulgaria
85%
243 k 11.4% Latvia
79%
47.6 k 1.7% Lithuania
79%
340 k 3.4% Hungary
72%
105 11.6% Vatican City
67%
87.3 k 2.1% Croatia
54%
18.6 k 0.5% Georgia
41%
No matching quizzes found
Score Distribution
Percent of People with Each Score
Percentile by Number Answered
Your Score History
You have not taken this quiz